Vainqueur Motocross MX2 (2004-2013) - Statistiques

Statistiques générales
  • Ce quiz a été pris 21 fois
  • Le résultat moyen est 8 sur 31
Statistiques - réponses
Victoire / Manche Victoire / GP Réponse Pays % Correct
54 27 Antonio Cairoli Italie
100%
56 31 Jeffrey Herlings Pays-Bas
100%
30 12 Ken Roczen Allemagne
76%
26 14 Marvin Musquin France
71%
6 3 Gautier Paulin France
53%
21 9 Ben Townley Nouvelle-Zélande
47%
9 4 Christophe Pourcel France
47%
22 15 Tyla Rattray Afrique du Sud
35%
1 Shaun Simpson Royaume-Uni
29%
3 1 Steven Frossard France
29%
25 14 Tommy Searle Royaume-Uni
29%
9 6 David Philippaerts Italie
24%
3 1 Nicolas Aubin France
24%
2 Christophe Charlier France
18%
4 1 Marc De Reuver Pays-Bas
18%
1 1 Alessio Chiodi Italie
12%
5 4 Andrew McFarlane Australie
12%
3 Anthony Boissière France
12%
3 1 Dean Ferris Australie
12%
1 1 Gert Krestinov Estonie
12%
1 José Butron Espagne
12%
2 1 Mickaël Maschio France
12%
1 1 Billy McKenzie Royaume-Uni
6%
1 Carl Nunn Royaume-Uni
6%
2 1 Davide Guarneri Italie
6%
1 1 Jeremy Van Horebeek Belgique
6%
2 1 Joel Roelants Belgique
6%
1 Kenneth Gundersen Norvège
6%
6 4 Rui Gonçalves Portugal
6%
4 1 Stephen Sword Royaume-Uni
6%
2 1 Zach Osborne États-Unis
6%
Aucun quiz correspondant
Distribution des résultats
% des personnes avec chaque résultat
Percentile par nombre de réponses
Votre historique - résultats
Vous n’avez pas pris ce quiz